Historia de la provincia de La Convención : (Record no. 1052)

000 -CABECERA
fixed length control field 01428nam a22002657a 4500
003 - IDENTIFICADOR DEL NÚMERO DE CONTROL
control field AR-CdUCM
008 - DATOS DE LONGITUD FIJA--INFORMACIÓN GENERAL
fixed length control field 190226b ||||| |||| 00| 0 spa d
020 ## - NÚMERO INTERNACIONAL ESTÁNDAR DEL LIBRO
ISBN 9789972288456
040 ## - FUENTE DE LA CATALOGACIÓN
Agencia/entidad que catalogó originalmente la obra MUNICIPALIDAD PROVINCIAL DEL CUSCO
Entidad que transcribió la catalogación BIBLIOTECA MUNICIPAL DEL CUSCO
082 ## - NÚMERO DE LA CLASIFICACIÓN DECIMAL DEWEY
No. de Clasificación 985.613 /
Notacion interna EN56
100 ## - ENTRADA PRINCIPAL--NOMBRE DE PERSONA
Nombre Personal Encinas Martín, Alfredo
245 ## - MENCIÓN DE TÍTULO
Título Historia de la provincia de La Convención :
Resto del título Historia social y religiosa del siglo XX /
260 ## - PUBLICACIÓN, DISTRIBUCIÓN, ETC.
Lugar de publicación, distribución, etc. Lima :
Nombre de la editorial, distribuidor, etc. Centro Cultura José Pío Aza;
-- [Grafimag S.R.L]
Fecha de publicación, distribución, etc. 2008.
300 ## - DESCRIPCIÓN FÍSICA
Nº de Páginas Extensión 437 páginas ;
Dimensiones 22.5 cm.
505 ## - NOTA DE CONTENIDO CON FORMATO
Nota de contenido formateada Tomo II, contenido: 1° etapa: 1900-1950 -- Realidad religiosa de La Convención en los inicios del siglo XX -- Presencia de los dominicos en la provincia de La Convención -- Servicio pastoral en las parroquias de Quillbamba, Vilcabamba y Quellouno -- Trabajo misionero en el Alto y Bajo Urubamba -- 2° etapa: 1950-2000 -- Respuesta pastoral de los cambios sociales y religiosos en La Convención -- Nuevos aportes a la pastoral convenciana -- Fiestas religiosas en La Convención...
650 ## - PUNTO DE ACCESO ADICIONAL DE MATERIA--TÉRMINO DE MATERIA
Descriptor La Convención - Historia
9 (RLIN) 4114
650 ## - PUNTO DE ACCESO ADICIONAL DE MATERIA--TÉRMINO DE MATERIA
Descriptor Siglo XX
9 (RLIN) 8
650 ## - PUNTO DE ACCESO ADICIONAL DE MATERIA--TÉRMINO DE MATERIA
Descriptor Cusco - Perú
9 (RLIN) 4115
650 ## - PUNTO DE ACCESO ADICIONAL DE MATERIA--TÉRMINO DE MATERIA
Descriptor Religión - Siglo XX
9 (RLIN) 4116
650 ## - PUNTO DE ACCESO ADICIONAL DE MATERIA--TÉRMINO DE MATERIA
Descriptor Sociedad - La Convención
9 (RLIN) 4117
700 ## - PUNTO DE ACCESO ADICIONAL--NOMBRE DE PERSONA
Nombre Personal Pérez Casado, Ángel (Coautor)
9 (RLIN) 4118
700 ## - PUNTO DE ACCESO ADICIONAL--NOMBRE DE PERSONA
Nombre Personal Alonso Ordieres, Rafael (Coautor)
9 (RLIN) 4119
942 ## - ELEMENTOS DE PUNTO DE ACCESO ADICIONAL (KOHA)
Fuente de clasificación
Tipo de item Libros-BMC
945 ## - PROCESAMIENTO DE INFORMACIÓN LOCAL (OCLC)
Catalogador lccs
AAAA-MM-DD - Fecha de ingreso o modificacion 2019-02-26
Holdings
Estado de retiro (separado) Fuente de clasificación o esquema de estanterías Estado dañado Ubicación Sala donde se ubica Nombre de la colección Fecha de adquisición o compra Costo, precio normal en soles Signatura topográfica Código de Barras Última vez visto (Koha) Tipo de ítem (Koha)
No     Sala Humanidades Sala Humanidades Book Cart 2019-02-26 30.00 985.613 / EN56 / t.2 SH0000001111 2019-02-26 Libros-BMC

Powered by Koha